| 000 -LEADER |
| fixed length control field |
01049nam a22003134i 4500 |
| 001 - CONTROL NUMBER |
| control field |
991061509413006706 |
| 003 - CONTROL NUMBER IDENTIFIER |
| control field |
ES-BaBAB |
| 005 - DATE AND TIME OF LATEST TRANSACTION |
| control field |
20260324132142.0 |
| 008 - FIXED-LENGTH DATA ELEMENTS--GENERAL INFORMATION |
| fixed length control field |
251030e202510 spc 000 0 cat|c |
| 017 ## - COPYRIGHT OR LEGAL DEPOSIT NUMBER |
| Copyright or legal deposit number |
B. 14.634-2025 |
| Assigning agency |
Biblioteca de Catalunya |
| 020 ## - INTERNATIONAL STANDARD BOOK NUMBER |
| International Standard Book Number |
9788429782882 |
| 040 ## - CATALOGING SOURCE |
| Original cataloging agency |
ES-BaBAB |
| Language of cataloging |
cat |
| Description conventions |
rda |
| Transcribing agency |
ES-BaBAB |
| 041 1# - LANGUAGE CODE |
| Language code of text/sound track or separate title |
fre |
| Language code of original |
cat |
| 080 ## - UNIVERSAL DECIMAL CLASSIFICATION NUMBER |
| Universal Decimal Classification number |
321.01 |
| 100 1# - MAIN ENTRY--PERSONAL NAME |
| Personal name |
Da Empoli, Giuliano |
| Relator term |
autor |
| 9 (RLIN) |
268212 |
| 240 12 - UNIFORM TITLE |
| Uniform title |
L'heure des prédateurs. |
| Language of a work |
Francès |
| 245 12 - TITLE STATEMENT |
| Title |
L'hora dels depredadors / |
| Statement of responsibility, etc. |
Giulaniano da Empoli ; traducció de Josep M. Pimto |
| 250 ## - EDITION STATEMENT |
| Edition statement |
Primera edició |
| 264 #1 - PRODUCTION, PUBLICATION, DISTRIBUTION, MANUFACTURE, AND COPYRIGHT NOTICE |
| Place of production, publication, distribution, manufacture |
Barcelona : |
| Name of producer, publisher, distributor, manufacturer |
Edicions 62, |
| Date of production, publication, distribution, manufacture, or copyright notice |
octubre del 2025 |
| 300 ## - PHYSICAL DESCRIPTION |
| Extent |
145 pàgines ; |
| Dimensions |
22 cm |
| 336 ## - CONTENT TYPE |
| Content type term |
text |
| Content type code |
txt |
| Source |
rdacontent |
| 337 ## - MEDIA TYPE |
| Media type term |
sense mediació |
| Media type code |
n |
| Source |
rdamedia |
| 338 ## - CARRIER TYPE |
| Carrier type term |
volum |
| Carrier type code |
nc |
| Source |
rdacarrier |
| 490 1# - SERIES STATEMENT |
| Series statement |
Llibres a l'abast |
| 500 ## - GENERAL NOTE |
| General note |
Títol original: L'heure des prédateurs |
| 650 07 - SUBJECT ADDED ENTRY--TOPICAL TERM |
| Topical term or geographic name entry element |
Poder (Ciències socials) |
| Source of heading or term |
lemac |
| 9 (RLIN) |
128554 |
| 650 07 - SUBJECT ADDED ENTRY--TOPICAL TERM |
| Topical term or geographic name entry element |
Negocis i política. |
| Source of heading or term |
lemac |
| 9 (RLIN) |
169612 |
| 650 07 - SUBJECT ADDED ENTRY--TOPICAL TERM |
| Topical term or geographic name entry element |
Internet |
| General subdivision |
Indústria i comerç |
| Source of heading or term |
lemac |
| 9 (RLIN) |
92157 |
| 830 ## - SERIES ADDED ENTRY--UNIFORM TITLE |
| Uniform title |
Llibres a l'abast |
| 9 (RLIN) |
22286 |
| 908 ## - PUT COMMAND PARAMETER (RLIN) |
| Put command parameter |
BAB |
| 940 ## - EQUIVALENCE OR CROSS-REFERENCE--UNIFORM TITLE [OBSOLETE] [CAN/MARC only] |
| Uniform title |
BAB |
| 942 ## - ADDED ENTRY ELEMENTS (KOHA) |
| Source of classification or shelving scheme |
|
| Koha item type |
Llibres |
| Koha issues (borrowed), all copies |
7 |